000 005810000a22001930004500
020 _a950-641-378-9
041 0 _aSPA
082 0 4 _aG 370.1 A434d
100 1 _aAlles, Martha Alicia
245 1 0 _aDesempeño por competencias : Evaluación de 360º / Martha Alicia Alles
260 _aBuenos Aires, Argentina : J. Granica
300 _a350 Pag
650 1 4 _aFILOSOFIA DE LA EDUCACION \ PEDAGOGIA - TEORIA \ EDUCACION SUPERIOR
001 7727
942 _cBK
999 _c37932
_d37932
336 _atexto
_btxt
_2rdacontent
337 _2rdamedia
_asin mediación
_bn
338 _2rdacarrier
_avolumen
_bnc